000 00297nam a22001337a 4500
008 181022b xxu||||| |||| 00| 0 eng d
020 _a0226872831
041 _aeng
080 _a159.9
100 _a48
101 _aPSI
245 _aBehaviorism and Phenomenology
_cWann.T.W
942 _2udc
_cBK
999 _c50348
_d50348